000
00292nam a22001337a 4500
008
170914b xxu||||| |||| 00| 0 eng d
020
_a
2900312445859
041
_a
eng
080
_2
2ND
_a
7
100
_a
44
101
_a
ART
245
_a
THR FILM EXPERIENCE
_c
CORRIGAN,T
942
_2
udc
_c
BK
999
_c
27528
_d
27528